বাংলা ভাষার প্রয়োগ:উচ্চ শিক্ষা এবং ব্যবহারিক জীবনে বাংলা ভাষার প্রয়োগ। (Record no. 2869)
[ view plain ]
| 000 -LEADER | |
|---|---|
| fixed length control field | 00657nam a2200145Ia 4500 |
| 008 - FIXED-LENGTH DATA ELEMENTS--GENERAL INFORMATION | |
| fixed length control field | 151213s9999 xx 000 0 und d |
| 100 ## - MAIN ENTRY--PERSONAL NAME | |
| Personal name | ড:মুস্তফা ইসলাম। |
| 245 ## - TITLE STATEMENT | |
| Title | বাংলা ভাষার প্রয়োগ:উচ্চ শিক্ষা এবং ব্যবহারিক জীবনে বাংলা ভাষার প্রয়োগ। |
| Statement of responsibility, etc. | ড:মুস্তফা ইসলাম। |
| 260 ## - PUBLICATION, DISTRIBUTION, ETC. (IMPRINT) | |
| Place of publication, distribution, etc. | ঢাকা |
| Name of publisher, distributor, etc. | বাংলা একাডেমী। |
| Date of publication, distribution, etc. | 1976 |
| 300 ## - PHYSICAL DESCRIPTION | |
| Extent | 4494 p. |
| 650 ## - SUBJECT ADDED ENTRY--TOPICAL TERM | |
| Topical term or geographic name as entry element | Bangla |
| 650 ## - SUBJECT ADDED ENTRY--TOPICAL TERM | |
| Topical term or geographic name as entry element | Critics |
| 700 ## - ADDED ENTRY--PERSONAL NAME | |
| Personal name | ড:মুস্তফা ইসলাম। |
No items available.
